书目信息 |
| 题名: |
语用学教程
|
|
| 作者: | 索振羽 编著 | |
| 分册: | ||
| 出版信息: | 北京 北京大学出版社 2000 |
|
| 页数: | 223页 | |
| 开本: | 20cm | |
| 丛书名: | ||
| 单 册: | ||
| 中图分类: | H03 | |
| 科图分类: | ||
| 主题词: | 语用学 | |
| 电子资源: | ||
| ISBN: | 7-301-04532-8 | |
| 000 | 00571nam0 2200205 45 | |
| 001 | 0312091585 | |
| 005 | 20031219104122.6 | |
| 010 | @a7-301-04532-8@dCNY14.00 | |
| 100 | @a20031209d2000 km y0chiy0120 ea | |
| 101 | 0 | @achi |
| 105 | @a z 000yy | |
| 200 | 1 | @a语用学教程@AYu Yong Xue Jiao Cheng@f索振羽编著@FSuo Zhen Yu Bian Zhu |
| 210 | @a北京@c北京大学出版社@d2000 | |
| 215 | @a223页@d20cm | |
| 300 | @a北京大学中国语言文学教材系列 | |
| 606 | 0 | @a语用学 |
| 690 | @aH03@v4 | |
| 701 | 0 | @a索振羽@4编著 |
| 801 | @aCN@bTSTC@c20031209 | |
| 905 | @b329724-728@dH03@e39@f5 | |
| 语用学教程/索振羽编著.-北京:北京大学出版社,2000 |
| 223页;20cm |
| 北京大学中国语言文学教材系列 |
| ISBN 7-301-04532-8:CNY14.00 |
| ● |
| 相关链接 |
|
|
|
|
正题名:语用学教程
索取号:H03/39
 
预约/预借
| 序号 | 登录号 | 条形码 | 馆藏地/架位号 | 状态 | 备注 |
| 1 | 0329724 | 203297244 | 第四借阅区/ [索取号:H03/39] | 在馆 | |
| 2 | 0329725 | 203297253 | 第四借阅区/ [索取号:H03/39] | 在馆 | |
| 3 | 0329726 | 203297262 | 第四借阅区/ [索取号:H03/39] | 在馆 | |
| 4 | 0329727 | 203297271 | 第四借阅区/ [索取号:H03/39] | 在馆 | |
| 5 | 0329728 | 203297280 | 第二样本阅览室/ [索取号:H03/39] | 在馆 |